Energy-yielding macronutrients and energy metabolism in sports nutrition / (Record no. 5000)

MARC details
000 -LEADER
fixed length control field 01358cam a22003614a 4500
001 - CONTROL NUMBER
control field 4995845
003 - CONTROL NUMBER IDENTIFIER
control field OSt
005 - DATE AND TIME OF LATEST TRANSACTION
control field 20210920111303.0
008 - FIXED-LENGTH DATA ELEMENTS--GENERAL INFORMATION
fixed length control field 990517s2000 flua b 001 0 eng
010 ## - LIBRARY OF CONGRESS CONTROL NUMBER
LC control number 99032452
020 ## - INTERNATIONAL STANDARD BOOK NUMBER
International Standard Book Number 0849307554 (alk. paper)
040 ## - CATALOGING SOURCE
Transcribing agency HU
042 ## - AUTHENTICATION CODE
Authentication code pcc
050 00 - LIBRARY OF CONGRESS CALL NUMBER
Classification number QP176
Item number .E546 2000
082 00 - DEWEY DECIMAL CLASSIFICATION NUMBER
Classification number 612.3/9/088796/ENE
100 ## - MAIN ENTRY--PERSONAL NAME
Personal name ENE
9 (RLIN) 5020
245 00 - TITLE STATEMENT
Title Energy-yielding macronutrients and energy metabolism in sports nutrition /
Statement of responsibility, etc. edited by Judy A. Driskell, Ira Wolinsky.
260 ## - PUBLICATION, DISTRIBUTION, ETC.
Place of publication, distribution, etc. Boca Raton :
Name of publisher, distributor, etc. CRC Press,
Date of publication, distribution, etc. c2000.
300 ## - PHYSICAL DESCRIPTION
Extent 337 p. :
Other physical details ill. ;
Dimensions 26 cm.
440 #0 - SERIES STATEMENT/ADDED ENTRY--TITLE
Title Nutrition in exercise and sport
9 (RLIN) 5021
504 ## - BIBLIOGRAPHY, ETC. NOTE
Bibliography, etc. note Includes bibliographical references and index.
650 #0 - SUBJECT ADDED ENTRY--TOPICAL TERM
Topical term or geographic name entry element Energy metabolism.
9 (RLIN) 5022
650 #0 - SUBJECT ADDED ENTRY--TOPICAL TERM
Topical term or geographic name entry element Athletes
General subdivision Nutrition.
9 (RLIN) 5023
650 #0 - SUBJECT ADDED ENTRY--TOPICAL TERM
Topical term or geographic name entry element Dietary supplements.
9 (RLIN) 5024
650 #0 - SUBJECT ADDED ENTRY--TOPICAL TERM
Topical term or geographic name entry element Nutrition.
9 (RLIN) 4405
700 1# - ADDED ENTRY--PERSONAL NAME
Personal name Driskell, Judy A.
Fuller form of name (Judy Anne)
9 (RLIN) 5025
700 1# - ADDED ENTRY--PERSONAL NAME
Personal name Wolinsky, Ira.
9 (RLIN) 5026
856 42 - ELECTRONIC LOCATION AND ACCESS
Materials specified Publisher description
Uniform Resource Identifier <a href="http://www.loc.gov/catdir/enhancements/fy0646/99032452-d.html">http://www.loc.gov/catdir/enhancements/fy0646/99032452-d.html</a>
906 ## - LOCAL DATA ELEMENT F, LDF (RLIN)
a 7
b cbc
c orignew
d 1
e ocip
f 19
g y-gencatlg
942 ## - ADDED ENTRY ELEMENTS (KOHA)
Source of classification or shelving scheme Dewey Decimal Classification
Koha item type Books like text book referance book
Suppress in OPAC No
Holdings
Withdrawn status Lost status Source of classification or shelving scheme Damaged status Not for loan Home library Current library Shelving location Date acquired Total Checkouts Full call number Barcode Date last seen Copy number Price effective from Koha item type
    Dewey Decimal Classification     Natural & Computational Science Library Natural & Computational Science Library General Stacks 09/20/2021   612.3'9'088796/ENE NSCLIB00007882 09/20/2021 1 09/20/2021 Books like text book referance book
    Dewey Decimal Classification     Natural & Computational Science Library Natural & Computational Science Library General Stacks 09/20/2021   612.3'9'088796/ENE NSCLIB00007883 09/20/2021 2 09/20/2021 Books like text book referance book